000 00718nam a2200205Ia 4500
003 GCL
008 140319s9999 xx 000 0 ara d
040 _aGCL /
_cGCL
082 0 4 _a823.03
_bل ف
100 1 _aاحمد خاكى
245 1 0 _aالفتى الضاحك : القصة الحائزة على جائزة بولتزر عام 1930 /
_cاحمد خاكى
700 1 _aلافارج، أوليفر
700 1 _aلوقا، ديمترى (ترجمة)
300 _a271 ص
490 _aسلسلة الجوائز العالمية
_v0
650 0 4 _aالادب الامريكى المترجم
650 0 4 _aالادب العالمى المترجم
650 0 4 _aالقصص الامريكية
942 _2ddc
_cBK
999 _c40008
_d40008